Basket: Pays Champions d'Asie (Hommes et Femmes) - Statistiques

Statistiques générales
  • Ce quiz a été pris 65 fois
  • Le résultat moyen est 4 sur 5
Statistiques - réponses
Réponse % Correct
Chine
100%
Japon
97%
Corée du Sud
88%
Iran
66%
Philippines
56%
Aucun quiz correspondant
Distribution des résultats
% des personnes avec chaque résultat
Percentile par nombre de réponses
Votre historique - résultats
Vous n’avez pas pris ce quiz